|
|
|
|
| LEADER |
00631nam a2200157Ia 4500 |
| 001 |
116241 |
| 008 |
170722s9999 xx 000 0 und d |
| 020 |
|
|
|a 8171309054
|
| 100 |
|
|
|a Ramakrishnan, Malayattoor
|
| 245 |
|
|
|a Sirasil Vahichathu /
|
| 260 |
|
|
|a Kottayam :
|b D C Books ,
|c 1999.
|
| 300 |
|
|
|a 80 p.
|c 21cms
|
| 942 |
|
|
|c GEN
|
| 999 |
|
|
|c 119376
|d 119376
|
| 952 |
|
|
|0 0
|1 0
|4 0
|6 O_323N273S1_N9N93_KR
|7 0
|9 168868
|a LIB
|b LIB
|d 2017-08-12
|o O32,3N273,S1 N9-N9;3 (KR)
|p 234519
|r 2017-08-12
|v 30.00
|w 2017-08-12
|y GEN
|
| 952 |
|
|
|0 0
|1 0
|4 0
|6 O_323N273S1_N9N93_KR
|7 0
|9 168869
|a LIB
|b LIB
|d 2017-08-12
|o O32,3N273,S1 N9-N9;3 (KR)
|p 234520
|r 2017-08-12
|v 30.00
|w 2017-08-12
|y GEN
|